Hay veneno y jazmín en tu tinta (Record no. 8392)

MARC details
000 -LEADER
campo de control de longitud fija 00834nam a2200253 i 4500
001 - NÚMERO DE CONTROL
campo de control 8392
003 - IDENTIFICADOR DE NÚMERO DE CONTROL
campo de control ES-MaACL
005 - FECHA Y HORA DE LA ÚLTIMA TRANSACCIÓN
campo de control 20230906145440.0
007 - CAMPO FIJO DE DESCRIPCIÓN FÍSICA--INFORMACIÓN GENERAL
campo de control de longitud fija t|
008 - DATOS DE LONGITUD FIJA--INFORMACIÓN GENERAL
campo de control de longitud fija 920615s1991 sp ||||1| spa d
020 ## - NÚMERO INTERNACIONAL ESTÁNDAR DEL LIBRO
Número Internacional Estándar del Libro 84-7658-323-0
080 ## - NÚMERO DE LA CLASIFICACIÓN DECIMAL UNIVERSAL
Número de la Clasificación Decimal Universal 86(Goytisolo,J.A.1.06)
100 1# - ENTRADA PRINCIPAL--NOMBRE DE PERSONA
Nombre de persona Riera, Carme.
9 (RLIN) 97101
245 10 - MENCIÓN DEL TÍTULO
Título Hay veneno y jazmín en tu tinta
Resto del título : aproximación a la poesía de J.A. Goytisolo /
Mención de responsabilidad, etc. Carme Riera.
250 ## - MENCION DE EDICION
Mención de edición [1ª ed.].
260 ## - PUBLICACIÓN, DISTRIBUCIÓN, ETC.
Lugar de publicación, distribución, etc. Barcelona :
Nombre del editor, distribuidor, etc. Anthropos,
Fecha de publicación, distribución, etc. 1991.
300 ## - DESCRIPCIÓN FÍSICA
Extensión 264 p. ;
Dimensiones 30 cm.
490 1# - MENCIÓN DE SERIE
Mención de serie Autores, textos y temas. Literatura ;
Designación de volumen o secuencia 13
504 ## - NOTA DE BIBLIOGRAFÍA, ETC.
Nota de bibliografía, etc. Bibliogr. p.: 253-261.
600 14 - PUNTO DE ACCESO ADICIONAL DE MATERIA--NOMBRE DE PERSONA
Nombre de persona Goytisolo, José Agustín-
Subdivisión general Crítica e interpretación.
9 (RLIN) 59421
830 0# - PUNTO DE ACCESO ADICIONAL DE SERIE-TÍTULO UNIFORME
Título uniforme Autores, textos y temas. Literatura ;
Designación de volumen o secuencia 13
9 (RLIN) 177410
852 ## - LOCALIZACIÓN
Ubicación ES-MaACL
Número de control de estantería L-15768
Sublocalización o colección R.119890
Holdings
Estatus retirado Estado de pérdida Estado de daño No para préstamo Biblioteca de origen Biblioteca actual Ubicación en estantería Fecha de adquisición Fuente de adquisición Total de préstamos Signatura topográfica completa Código de barras Visto por última vez Precio de reemplazo Tipo de ítem Koha
        Biblioteca del Ateneo de Madrid Biblioteca del Ateneo de Madrid Depósito 2 17/01/2008     L-15768 1008569 23/02/2023 23/02/2023 Libro impreso